00816nam a2200193 i 450000100060000000300090000600500170001500700030003200800410003510000300007624501660010626000670027230000350033970000420037470000370041685200310045399900170048495201210050136914ES-MaACL20230906155451.0t|030219s1952 sp ||||1| spa d1 aBrowne, Francis J.93203010aHigiene antenatal y postnatal / cpor Francis J. Browne ; versión española de la 7ª edición inglesa por José Mª Sala Ponsati y Francisco Haro García. aBarcelona : bLabor, c1952 (fTalls. grafs. de la S.G. de P.) aXVI, 597 p. : bil. ; c25 cm.1 aSala Ponsati, José María.91016701 aHaro García, Francisco.961877 aES-MaACLjE-1460 bR.31544 c36914d36914 00104070aATENEOMbATENEOMcDEPO2d2008-01-17eSCl0oE-1460p1038820r2023-02-23 00:00:00w2023-02-23yMONOGRAFIA